[Event "Australian-ch 2018"]
[Site "Sydney"]
[Date "2018.01.12"]
[Round "11"]
[White "Smirnov, Anton"]
[Black "Guichard, Pauline"]
[Result "1-0"]
[WhiteElo "2527"]
[BlackElo "2269"]
[PlyCount "31"]
[EventDate "2018.01.02"]
[EventType "tourn"]
[EventCountry "AUS"]

{[%evp 17,31,14,18,17,12,3,31,43,314,322,362,368,357,356,423,419]} 1. d4 d6 2. e4 g6 3. Nf3 Bg7 4. Bc4 Nf6 5. Qe2 O-O 6. e5 dxe5 {B06: Modern Defence} 7. dxe5 Nd5 8. h3 Be6 (8... Nb6 9. Bb3 c5 10. O-O Nc6 11. e6 Bxe6 12. Bxe6 fxe6 13. Qxe6+ Kh8 14. c3 Qd5 15. Qxd5 Nxd5 16. Nbd2 Nf4 17. Ne4 Nd3 18. Rb1 {½-½ (96) Short,N (2678)-Adhiban,B (2655) Riadh 2017}) 9. O-O Nd7 {LiveBook: 8 Games} 10. Bd2 c6 11. Nc3 Qc7 {[%cal Rd7e5]} 12. Rfe1 Nxe5 $146 {[%mdl 8192] [#]} (12... Nxc3 $14 13. Bxc3 Nc5) ({Predecessor:} 12... N7b6 13. Bd3 Rad8 14. Ng5 Nxc3 15. Bxc3 Qc8 16. Nxe6 Qxe6 17. Qe4 {1-0 (37) Real Pereyra,D (2061)-Gueci,T (2074) Tromsoe 2014}) 13. Nxe5 $18 Qxe5 14. Qxe5 Bxe5 15. Rxe5 Nxc3 16. Bxe6 ({Worse is} 16. bxc3 Bxc4 17. Rxe7 b5 $11) 1-0

[Event "Australian-ch 2018"]
[Site "Sydney"]
[Date "2018.01.12"]
[Round "11"]
[White "Cheng, Bobby"]
[Black "Izzat, Kanan"]
[Result "1/2-1/2"]
[WhiteElo "2504"]
[BlackElo "2487"]
[PlyCount "29"]
[EventDate "2018.01.02"]
[EventType "tourn"]
[EventCountry "AUS"]

{[%evp 12,26,56,37,49,27,32,12,27,13,25,41,14,35,22,12,50]} 1. c4 g6 2. Nc3 Bg7 3. d4 d6 4. Nf3 e5 5. dxe5 dxe5 6. Qxd8+ Kxd8 7. Bd2 Be6 {A41: 1 d4 d6: Tartakower System and Modern Defence} 8. O-O-O {[#] Intending Bg5+ and mate.} Nd7 9. Ng5 Bxc4 10. e4 Bxf1 11. Rhxf1 Nh6 12. f4 {[%cal Bf2f4,Bf4f5][%mdl 32]} c6 13. f5 Ke7 {[#]} {Predecessor:} 14. h3 $146 b6 15. g4 {½-½ (30) Nielsen,P (2668)-Nisipeanu,L (2679) Gothenburg 2005} 1/2-1/2

[Event "Australian-ch 2018"]
[Site "Sydney"]
[Date "2018.01.12"]
[Round "11"]
[White "Ly, Moulthun"]
[Black "Morris, James"]
[Result "1/2-1/2"]
[WhiteElo "2480"]
[BlackElo "2477"]
[PlyCount "33"]
[EventDate "2018.01.02"]
[EventType "tourn"]
[EventCountry "AUS"]

{[%evp 16,18,20,20,48]} 1. e4 e5 2. Nf3 Nc6 3. Bc4 Nf6 4. d3 Bc5 5. O-O d6 6. c3 Bb6 7. a4 O-O {C54: Giuoco Piano: 4 c3 Nf6, main lines with 5 d4 and 5 d3} 8. Bg5 h6 9. Bh4 {LiveBook: 3 Games} a6 {Predecessor:} 10. Nbd2 $146 Kh8 11. b4 g5 12. Bg3 Nh7 13. a5 Ba7 14. b5 axb5 15. Bxb5 Ne7 16. d4 exd4 17. Nxd4 {1-0 (30) Bauer,C (2620)-Feller,S (2602) Agen 2016} 1/2-1/2

[Event "Australian-ch 2018"]
[Site "Sydney"]
[Date "2018.01.12"]
[Round "11"]
[White "Lane, Gary W"]
[Black "Dale, Ari"]
[Result "0-1"]
[WhiteElo "2401"]
[BlackElo "2356"]
[PlyCount "64"]
[EventDate "2018.01.02"]
[EventType "tourn"]
[EventCountry "AUS"]

{[%evp 19,63,0,0,-16,-11,-37,0,0,0,14,47,4,7,-3,44,-43,-34,-22,0,-103,-103,-103,-103,-103,-101,-101,-101,-91,-91,-90,-91,-187,-177,-171,-170,-173,-145,-144,-144,-218,-216,-29979,-29980,-29980,-29981,-29999]} 1. e4 c6 2. d4 d5 3. Nd2 dxe4 4. Nxe4 Bf5 5. Ng3 Bg6 6. h4 h6 7. Nh3 e6 8. Nf4 Bh7 9. Bc4 Nf6 10. c3 Bd6 11. Ngh5 {B18: Classical Caro-Kann: 4...Bf5 sidelines} O-O 12. g4 Nxh5 (12... Bxf4 $15 13. Bxf4 (13. Nxf4 e5 $15) 13... Nxh5 14. gxh5 Nd7) (12... e5 13. g5 exf4 14. gxf6 g6 15. Qf3 Kh8 16. Bxf4 gxh5 17. Bxh6 Re8+ 18. Kd2 Bg6 19. Rhg1 Kh7 20. Bxf7 Bxf7 21. Qf5+ Kh8 22. Rg7 {1-0 (22) Kuzubov,Y (2667)-Ezat,M (2479) Dubai 2015}) 13. Nxh5 $11 {The position is equal.} Be4 14. f3 Bd5 $146 ({Predecessor:} 14... Bg6 15. f4 Bxh5 16. gxh5 c5 17. dxc5 Bxc5 18. Qxd8 Rxd8 {½-½ (55) Kiss,V (2214)-Lizak,P (2406) Hungary 2012}) 15. Bxd5 exd5 16. g5 f6 17. f4 ({White should try} 17. Qe2 $14) 17... fxg5 $15 18. hxg5 hxg5 {Threatens to win with ...Qe7+.} 19. Rg1 (19. Qd3 $11 {remains equal.}) 19... Nd7 {Strongly threatening ...Qe7+.} 20. Rxg5 {[#]} Qe7+ $1 21. Qe2 Rae8 $36 {[%csl Ge8][%cal Re7e2][%mdl 2048] Black has strong initiative.} 22. Qxe7 Rxe7+ 23. Kf2 {[#]} Nf6 $1 {[%cal Rf6e4]} 24. Nxf6+ Rxf6 25. Rg4 (25. f5 $17 {might work better.}) 25... Rfe6 {White must now prevent ...Re1.} 26. Rg1 Re2+ 27. Kf3 Kf7 28. f5 Rh2 29. a4 (29. Rg6 $17 Bc7 30. Bg5) 29... Ree2 $19 30. a5 $2 (30. Rf1 $19) 30... Rhf2+ {Black mates.} 31. Kg4 Re4+ 32. Kh3 Rh2# {Precision: White = 28%, Black = 65%.} 0-1

[Event "Australian-ch 2018"]
[Site "Sydney"]
[Date "2018.01.12"]
[Round "11"]
[White "Xie, George Wendi"]
[Black "Kargosha, Bahman"]
[Result "1-0"]
[WhiteElo "2369"]
[BlackElo "2210"]
[PlyCount "85"]
[EventDate "2018.01.02"]
[EventType "tourn"]
[EventCountry "AUS"]

{[%evp 17,85,2,20,0,0,0,0,-9,-2,0,0,-17,-14,-2,-7,-6,24,-47,-49,-36,-30,-45,-30,-46,-38,-62,-37,-50,-32,-71,0,0,12,20,29,20,100,88,111,107,128,95,77,11,72,6,5,-195,151,145,172,177,175,182,231,165,213,205,307,316,508,503,523,513,651,432,603,608,783,685]} 1. d4 Nf6 2. Nf3 e6 3. Bg5 c5 4. e3 b6 5. Nbd2 Bb7 6. Bd3 Be7 7. Qe2 {A47: 1 d4 Nf6 2 Nf3 b6: Torre, London and Colle Systems} (7. c3 h6 8. Bxf6 Bxf6 9. O-O O-O 10. e4 d6 11. Re1 cxd4 12. Nxd4 Nc6 13. Nxc6 Bxc6 14. f4 b5 15. Rc1 {1-0 (65) Nakamura,H (2767)-Aronian,L (2797) Saint Louis 2014}) 7... cxd4 8. exd4 d6 9. Bxf6 Bxf6 {LiveBook: 4 Games} 10. Ne4 Be7 11. O-O $146 ({Predecessor:} 11. h4 Nd7 12. Neg5 a6 13. O-O-O {½-½ (43) Pisk,P (2330)-Quinn,M (2409) Germany 2004}) 11... O-O 12. Rad1 Nd7 13. Rfe1 Re8 14. Ng3 Qc7 15. h4 Nf6 16. Ng5 h6 (16... Bc6 {feels hotter.} 17. Nh5 g6 18. Ng3 Bf8 19. c3 Bg7) 17. Nf3 (17. Nxf7 $11 Bf8 18. Bg6) 17... a6 $15 18. c3 b5 19. a3 Bd5 20. Nd2 Qc6 21. h5 Nd7 22. Bb1 f5 ({Reject} 22... Bxg2 $6 23. f3 $11) 23. Qd3 Bh4 (23... Bg5 $17 24. Nf3 Nf6 25. Nxg5 hxg5) 24. Ne2 $11 Bxg2 25. f3 Bxe1 26. Rxe1 Bxf3 (26... Bh3 $11) 27. Nxf3 $16 Nf6 28. Nf4 Ne4 29. Qe3 a5 30. Bxe4 (30. Ba2 $16 Qd7 31. Bb3) 30... Qxe4 (30... fxe4 $11 31. Nh4 e5 32. dxe5 Rxe5) 31. Qxe4 (31. Kf2 $16) 31... fxe4 $11 32. Rxe4 $2 {[#]} (32. Nd2 $11 {and White is okay.}) 32... Kf7 $2 (32... Rf8 $19 {Threatens to win with ...d5.} 33. d5 e5 34. Nxe5 dxe5) 33. Kf2 $16 b4 34. axb4 ({Resist} 34. cxb4 $6 axb4 35. axb4 Rab8 $16) 34... axb4 {[#]} 35. c4 $1 ({Much less strong is} 35. cxb4 Rab8 $16) 35... Ra5 36. Kg3 Ra1 37. c5 dxc5 (37... e5 $142) 38. dxc5 $18 Rc1 $2 (38... Rh1 39. c6 b3) 39. Nd3 {White is clearly winning.} Rc2 40. Rxb4 Kf6 41. Rf4+ Ke7 42. Nfe5 Kd8 43. Rf7 {Precision: White = 48%, Black = 27%.} 1-0

[Event "Australian-ch 2018"]
[Site "Sydney"]
[Date "2018.01.12"]
[Round "11"]
[White "Solomon, Stephen J"]
[Black "Clarke, Brandon G I"]
[Result "0-1"]
[WhiteElo "2365"]
[BlackElo "2360"]
[PlyCount "66"]
[EventDate "2018.01.02"]
[EventType "tourn"]
[EventCountry "AUS"]

{[%evp 25,66,0,34,0,0,0,29,-10,0,-41,0,-56,-28,-12,0,0,0,0,22,14,21,0,67,0,0,0,0,11,0,0,406,388,746,0,0,0,-30,-29991,-29992,-29994,-29994,-29994,-29994]} 1. e4 c5 2. Nf3 d6 3. d4 Nf6 4. Nc3 cxd4 5. Nxd4 a6 6. Be2 e5 7. Nb3 Be7 8. O-O O-O 9. Be3 Be6 10. Nd5 Nbd7 11. Qd3 Bxd5 12. exd5 Rc8 13. c4 a5 {LiveBook: 33 Games. B92: Sicilian Najdorf: 6 Be2} (13... g6 14. Rac1 Ne8 15. Qd2 Ng7 16. Na5 Nf5 17. Nxb7 Qc7 18. Na5 Nxe3 19. fxe3 Bg5 20. b4 Qb6 21. Rf3 {½-½ (78) Sethuraman,S (2618)-Giri,A (2772) Tbilisi 2017}) 14. a4 {[#]} g6 $146 ({Predecessor:} 14... b6 15. Bd2 Re8 16. Qh3 g6 17. Qe3 Bf8 18. Rfe1 Bg7 19. Rac1 Nb8 20. h4 h5 21. Qf3 {½-½ (21) Vosahlik,J (2596)-Lafarga Santorroman,D (2639) ICCF email 2007}) 15. g3 Ne8 {The position is equal.} 16. Rac1 Ng7 17. f4 Re8 (17... exf4 {looks sharper.} 18. Bxf4 Bg5 19. Bxg5 Qxg5 20. Qd2 Qxd2 21. Nxd2 Nc5) 18. c5 (18. fxe5 $11 Nxe5 19. Qc3) 18... exf4 (18... dxc5 {feels hotter.} 19. d6 Bf8 20. Qd2 Rc6 21. fxe5 Rxe5 22. Bf4 Rxd6 23. Qc2 Ne6) 19. Bxf4 Nxc5 20. Nxc5 Rxc5 21. Rxc5 dxc5 22. d6 $1 $36 {[%cal Rd6e7][%mdl 2048] White has some pressure.} Bf6 23. Qf3 $1 Nf5 (23... Bxb2 24. Bb5 $14) ({Better is} 23... Ne6 $11 24. Bb5 Rf8) 24. Bc4 (24. Bb5 $14) 24... Be5 $11 25. Bxe5 Rxe5 26. Rd1 Kg7 $1 27. d7 {g4 is the strong threat.} Re3 $2 {[%mdl 8192] [#]} (27... b5 $1 $11 28. Bxb5 (28. axb5 Re7 $11) 28... Nd4) 28. Qxb7 $18 Nxg3 $2 (28... Qe7 29. Qd5 Nd6) 29. hxg3 $2 (29. Qc8 $18 Ne2+ 30. Kf2 (30. Bxe2 Qg5+ 31. Kf1 Qf4+ 32. Ke1 Qc4 $11) (30. Kh1 Qh4 $17) 30... Qf6+ 31. Kxe3) 29... Rxg3+ $11 30. Kf2 Qh4 $1 {[%cal Rh4f4] ( -> ...Qf4+)} 31. Qe4 $2 {[%mdl 8192] [#]} (31. d8=Q {leads to mate.} Qf4+ 32. Qf3 Qxf3+ 33. Ke1 Qe3+ 34. Be2 Rg1#) (31. Bd5 $11 Rb3+ 32. Kf1 Qf6+ 33. Ke1 Rxb7 34. Bxb7 Qe7+ 35. Kf1) 31... Rg4+ {Black mates.} 32. Kf1 Qh3+ 33. Kf2 Qg3+ {Precision: White = 33%, Black = 32%.} 0-1

[Event "Australian-ch 2018"]
[Site "Sydney"]
[Date "2018.01.12"]
[Round "11"]
[White "Brown, Andrew"]
[Black "Ferozkohi, Ihsan"]
[Result "1-0"]
[WhiteElo "2293"]
[BlackElo "2130"]
[PlyCount "71"]
[EventDate "2018.01.02"]
[EventType "tourn"]
[EventCountry "AUS"]

{[%evp 10,71,8,0,0,-10,0,2,14,14,11,17,31,33,36,20,14,18,23,0,0,16,15,0,0,0,0,0,0,-17,-16,-17,-18,-18,-5,-12,-13,-7,-3,-14,0,-22,-20,-19,-16,-16,0,0,0,0,0,0,0,0,0,0,0,0,0,0,878,860,1658,1222]} 1. d4 d5 2. Nf3 Nf6 3. e3 g6 4. Bd3 Bg7 5. O-O O-O 6. b3 Nbd7 {D04: Colle System} 7. Bb2 c5 (7... b6 8. c4 Bb7 9. cxd5 Nxd5 10. Nc3 Nxc3 11. Bxc3 c5 12. Rc1 Rc8 13. d5 Bxc3 14. Rxc3 Bxd5 {0-1 (75) Nakamura,H (2786)-Caruana,F (2802) chess.com INT 2017}) 8. c4 dxc4 $146 {The position is equal.} ({Predecessor:} 8... b6 9. Nc3 Bb7 10. Qe2 e6 11. cxd5 Nxd5 12. Nxd5 Bxd5 13. Rfd1 Qe7 14. e4 Bb7 {0-1 (58) Straeter,T (2348)-Andersson,U (2580) Germany 2005}) 9. Bxc4 Nb6 10. Be2 cxd4 11. Bxd4 Bf5 12. Nbd2 Rc8 13. Rc1 Qd6 14. Ne5 Rxc1 15. Qxc1 Rc8 16. Ndc4 Nxc4 17. Bxc4 Ng4 18. Nxg4 Bxg4 19. f3 ({Don't go for} 19. Bxa7 $2 {[#]} b5 $1 $19 {[%mdl 512]}) 19... Be6 20. Rd1 {[#] And now Bxg7 would win.} Bxd4 21. Rxd4 Qe5 {Strongly threatening ...b5.} 22. Qc3 Kg7 {Hoping for ...b5.} 23. f4 Qf6 {aiming for ...b5!} 24. Qa5 Bxc4 25. bxc4 $11 {[%mdl 4096] Endgame KQR-KQR} (25. Rxc4 {feels hotter.} b6 26. Qxa7 Rd8 27. Rc2 Rd1+ 28. Kf2) 25... a6 26. h3 Rc6 27. Kf2 Qh4+ 28. Kf3 Re6 29. Qc3 f6 30. Rd5 Kf7 31. c5 g5 32. Qd3 {Threatens to win with f5.} gxf4 33. exf4 Kg7 34. Qd2 Re1 $2 {[%mdl 8192]} (34... Kf7 $11) 35. g3 $18 Rf1+ 36. Kg2 {Precision: White = 69%, Black = 64%.} 1-0

[Event "Australian-ch 2018"]
[Site "Sydney"]
[Date "2018.01.12"]
[Round "11"]
[White "Nakauchi, Gene"]
[Black "Illingworth, Max"]
[Result "0-1"]
[WhiteElo "2208"]
[BlackElo "2494"]
[PlyCount "50"]
[EventDate "2018.01.02"]
[EventType "tourn"]
[EventCountry "AUS"]

{[%evp 17,50,-77,-85,-141,-142,-194,-108,-185,-158,-171,-178,-219,-172,-495,-486,-443,-463,-507,-495,-496,-490,-490,-469,-1004,-1004,-989,-993,-1106,-1068,-1062,-1066,-1701,-1662,-29998,-29999]} 1. d4 e6 2. e4 d5 3. Nc3 Nf6 4. e5 Nfd7 5. f4 c5 6. Nf3 Nc6 7. Be3 Be7 8. Qd2 O-O 9. O-O-O {C11: French: Classical System: 4 e5 and 4 Bg5 dxe4} (9. dxc5 Qa5 10. a3 Bxc5 11. O-O-O Rd8 12. Bxc5 Nxc5 13. h4 Bd7 14. h5 h6 15. g4 Be8 16. Qe3 d4 17. Nxd4 Nxd4 18. Rxd4 {½-½ (26) Inarkiev,E (2689)-Volkov,S (2645) St Petersburg 2017}) 9... c4 {LiveBook: 46 Games} 10. Qf2 {[#]} (10. Kb1 $142) 10... b5 $1 $17 {[%mdl 512]} 11. Kb1 {Black is clearly better.} (11. Nxb5 Qa5) 11... b4 (11... Qa5 $19 12. Qg3 b4) 12. Ne2 (12. Na4 $17) 12... Qa5 13. f5 $146 ({Predecessor:} 13. Qe1 Rb8 14. Ng3 Nb6 15. Nh5 Na4 16. Qg3 g6 17. Nf6+ Bxf6 18. exf6 Nc3+ 19. Kc1 Qxa2 {0-1 (19) Kolomaznikova,B (1985)-Batkovskyte,D (2092) Albena 2011}) 13... exf5 14. Qg3 Kh8 ({And not} 14... b3 15. cxb3 cxb3 16. a3 $11) 15. Nf4 $2 {[#]} (15. Bg5 {is tougher.}) 15... b3 $1 $19 {[%mdl 512]} 16. cxb3 (16. axb3 cxb3) 16... cxb3 ({Inferior is} 16... Nb4 17. a3 $16) 17. a3 {[#]} Bxa3 $1 {[%mdl 512]} 18. bxa3 Qxa3 19. Rd2 Nb4 ({Stronger than} 19... b2 20. Rxb2 Rb8 21. Bc1 $16) 20. Ng5 (20. Qe1 $142 Qa4 21. Bd3) 20... Na2 {[%cal Ra2c3]} 21. Ne2 Ba6 22. Bf4 Rac8 23. Rb2 Bxe2 24. Bd2 Bd1 {( -> ...Bc2+)} 25. Bd3 {[#]} Rc1+ $1 {[%mdl 512] Precision: White = 18%, Black = 97%.} 0-1